| 000 | 00958nam a2200217Ia 4500 | ||
|---|---|---|---|
| 003 | OSt | ||
| 005 | 20210415142931.0 | ||
| 008 | 210310s1990 ck gr 000 0 spa d | ||
| 040 |
_aCO-JMCR _cCO-JMCR |
||
| 041 | 0 | _aspa | |
| 082 | 0 | 4 |
_a657.46 / _bC718m _223 |
| 110 | 2 |
_aColombia. _bContraloría General de la Republica _96721 |
|
| 245 | 1 | 0 |
_aManual de contabilidad para administración tributaria 1989 / _cContraloría General de la Nación |
| 260 |
_aBogotá : _bContraloría General de la Nación, _c1990. |
||
| 300 |
_a127 páginas ; _c23 cm. |
||
| 440 |
_a0 _925519 |
||
| 505 | 0 | _aLa contabilidad del proceso tributario como sistema de información gerencial y de control fiscal.-- Estructura y nomenclatura de cuentas. -- Códigos auxiliares. -- Significado y manejo de las cuentas. -- Documentación contable. -- Informes de contabilidad. | |
| 650 | 1 | 4 |
_aManual contable. _925520 |
| 650 | 1 | 4 |
_aAdministración tributaria. _936728 |
| 942 |
_2ddc _cBK |
||
| 999 |
_c11438 _d11438 |
||